| 000 -LEADER |
| fixed length control field |
00631nam a22001937a 4500 |
| 003 - CONTROL NUMBER IDENTIFIER |
| control field |
OSt |
| 005 - DATE AND TIME OF LATEST TRANSACTION |
| control field |
20191029062536.0 |
| 008 - FIXED-LENGTH DATA ELEMENTS--GENERAL INFORMATION |
| fixed length control field |
180220b xxu||||| |||| 00| 0 por d |
| 040 ## - CATALOGING SOURCE |
| Transcribing agency |
PJ |
| 100 ## - ASIENTO PRINCIPAL - NOMBRE DE PERSONA |
| 9 (RLIN) |
523 |
| Personal name |
Rodríguez Rossi, Víctor Ernesto |
| 245 13 - MENCIÓN DE TÍTULO |
| Título propiamente dicho |
El crédito público : |
| Mención de responsabilidad, etc |
Víctor Ernesto Rodríguez Rossi, prólogo del Dr. Jorge Wehbe. |
| 260 ## - PUBLICATION, DISTRIBUTION, ETC. (IMPRINT) |
| Place of publication, distribution, etc |
Buenos Aires : |
| Name of publisher, distributor, etc |
Abeledo-Perrot, |
| Date of publication, distribution, etc |
1981. |
| 300 ## - DESCRIPCION FISICA |
| Extent |
137 p. |
| Dimensions |
23 cm. |
| 650 #0 - ASIENTO SECUNDARIO DE MATERIA - TERMINO TEMATICO |
| Topical term or geographic name as entry element |
ECONOMIA Y FINANZAS |
| 9 (RLIN) |
292 |
| 650 #0 - ASIENTO SECUNDARIO DE MATERIA - TERMINO TEMATICO |
| Topical term or geographic name as entry element |
SISTEMA FINANCIERO |
| 9 (RLIN) |
298 |
| 650 #0 - ASIENTO SECUNDARIO DE MATERIA - TERMINO TEMATICO |
| Topical term or geographic name as entry element |
CREDITO PUBLICO |
| 9 (RLIN) |
551 |
| 700 ## - ADDED ENTRY--PERSONAL NAME |
| 9 (RLIN) |
524 |
| Personal name |
Wehbe, Jorge |
| Relator term |
prologuista |
| 942 ## - ADDED ENTRY ELEMENTS (KOHA) |
| Source of classification or shelving scheme |
|
| Koha item type |
Libros |
| Classification part |
336.13 |
| Item part |
ROD |